Statistics for Top 10 Most Popular kind of Cheese

Click here to take the quiz!

General Stats

  • This quiz has been taken 16 times
  • The average score is 4 of 10

Answer Stats

HintAnswer% Correct
1.Mozzarella
100%
2.Cheddar
73%
7.Brie
53%
5.Parmesan
53%
3.Feta
47%
6.Gouda
33%
4.Ricotta
20%
9.Gorgonzola
13%
8.Paneer
13%
10.Camambert
7%

Score Distribution

Percentile by Number Answered

Percent of People with Each Score

Your Score History

You have not taken this quiz